书目信息 |
| 题名: |
广告心理学
|
|
| 作者: | 黄希庭 总主编 ;冯江平 主编 | |
| 分册: | ||
| 出版信息: | 上海 华东师范大学出版社 2003 |
|
| 页数: | 377页 | |
| 开本: | 21cm | |
| 丛书名: | ||
| 单 册: | ||
| 中图分类: | F713.80 , B849 | |
| 科图分类: | ||
| 主题词: | 广告心理学--高等学校--教材 , 应用心理学 | |
| 电子资源: | ||
| ISBN: | 7-5617-3239-2 | |
| 000 | 00838n|m0 2200253 450 | |
| 001 | 1534332523 | |
| 005 | 20150126093238.53 | |
| 010 | @a7-5617-3239-2@dCNY18.00 | |
| 100 | @a20030714d2003 em y0chiy50 ea | |
| 101 | 0 | @achi |
| 102 | @aCN@b310000 | |
| 105 | @ay z 000yy | |
| 200 | 1 | @a广告心理学@9guang gao xin li xue@f黄希庭总主编@g冯江平主编 |
| 210 | @a上海@c华东师范大学出版社@d2003 | |
| 215 | @a377页@d21cm | |
| 330 | @a本书内容包括广告心理学概述,广告的吸引力与注意理论,广告的知觉与理解,广告的需要、动机理论与应用,广告的记忆理论与应用等。 | |
| 606 | 0 | @a广告心理学@x高等学校@j教材 |
| 606 | 0 | @a应用心理学 |
| 690 | @aF713.80@v5 | |
| 690 | @aB849@v4 | |
| 701 | 0 | @a黄希庭@9huang xi ting@f(1937~)@4总主编 |
| 702 | 0 | @a冯江平@9feng jiang ping@f(1955~)@4主编 |
| 801 | 0 | @aCN@bTSSF@c20150126 |
| 905 | @aZUCC@dB849@eJY924 | |
| 广告心理学/黄希庭总主编/冯江平主编.-上海:华东师范大学出版社,2003 |
| 377页;21cm |
| ISBN 7-5617-3239-2:CNY18.00 |
| 本书内容包括广告心理学概述,广告的吸引力与注意理论,广告的知觉与理解,广告的需要、动机理论与应用,广告的记忆理论与应用等。 |
| ● |
| 相关链接 |
|
|
|
|
正题名:广告心理学
索取号:B849/JY924
 
预约/预借
| 序号 | 登录号 | 条形码 | 馆藏地/架位号 | 状态 | 备注 |
| 1 | 7845104 | 278451042 | 学院路分馆/ [索取号:B849/JY924] | 在馆 | |
| 2 | 7845105 | 278451051 | 学院路分馆/ [索取号:B849/JY924] | 在馆 |